00246nam a2200109Ia 4500082001800000100001800018245004100036250000800077260002400085300001000109650001700119 a612.015bM10S aSOOD, RAMANIK aMCQ IN MEDICAL LABORATORY TECHNOLOGY a1ST bJAYPEEaDELHIc2010 a1-211 aBIOCHEMISTRY